LEADER 01447cam0-22004811i-450- 001 990002561330403321 005 20061128130847.0 035 $a000256133 035 $aFED01000256133 035 $a(Aleph)000256133FED01 035 $a000256133 100 $a20030910d1962----km-y0itay50------ba 101 1 $afre 102 $aFR 105 $ay-------001yy 200 1 $aFonctions d'une variable complexe$eproblèmes contemporains$frecueil de mémoires sous la rédaction de A. I. Markouchevitch$gtraduit par L. Nicolas 210 $aParis$cGauthier-Villars$d1962 215 $a271 p.$d25 cm 225 1 $aMonographies internationales de mathématiques modernes$v1 610 0 $aAnalisi complessa 610 0 $aCalcolo delle variazioni 610 0 $aDifferenze finite 610 0 $aIntegrali di fourier 610 0 $aTrasformazioni di Fourier e Laplace 610 0 $aFunzioni di variabile complessa 676 $a515 676 $a515.9 676 $a517.4//517.9 700 1$aMarkouchevitch,$bA.I.$0344422 801 0$aIT$bUNINA$gRICA$2UNIMARC 901 $aBK 912 $a990002561330403321 952 $aMXIII-A-38$b58$fMAS 952 $aMXIII-A-39$b025131$fMAS 952 $a02 29 C 4$b297$fFINBN 952 $a16-040$b3187$fFI1 952 $a14-D-1$b4832$fMA1 959 $aMAS 959 $aFINBN 959 $aFI1 959 $aMA1 996 $aFonctions d'une variable complexe$9436858 997 $aUNINA LEADER 01923nam 2200433Ka 450 001 9910697330803321 005 20080814164213.0 035 $a(CKB)5470000002387626 035 $a(OCoLC)243783403 035 $a(EXLCZ)995470000002387626 100 $a20080814d2005 ua 0 101 0 $aeng 181 $ctxt$2rdacontent 182 $cc$2rdamedia 183 $acr$2rdacarrier 200 00$aCharacterization and head-loss testing of latent debris from pressurized-water-reactor containment buildings$b[electronic resource] /$fprepared by M. Ding ... [and others] 210 1$aWashington, DC :$cDivision of Engineering Technology, Office of Nuclear Regulatory Research, U.S. Nuclear Regulatory Commission,$d2005. 215 $axviii, 103 pages $cdigital, PDF file 300 $aTitle from title screen (viewed on Aug. 14, 2008). 300 $a"Principal contractor: Los Alamos National Laboratory." 300 $a"Date published: July 2005." 300 $a"NUREG/CR-6877." 300 $a"LA-UR-04-3970." 517 2 $aCharacterization and head loss testing of latent debris from pressurized-water-reactor containment buildings 606 $aPressurized water reactors$xTesting 606 $aEmergency core cooling systems$xTesting 606 $aNuclear reactors$xContainment$xTesting 615 0$aPressurized water reactors$xTesting. 615 0$aEmergency core cooling systems$xTesting. 615 0$aNuclear reactors$xContainment$xTesting. 701 $aDing$b Mingzhou$067818 712 02$aU.S. Nuclear Regulatory Commission.$bOffice of Nuclear Regulatory Research.$bDivision of Engineering Technology. 712 02$aLos Alamos National Laboratory. 801 0$bGPO 801 1$bGPO 906 $aBOOK 912 $a9910697330803321 996 $aCharacterization and head-loss testing of latent debris from pressurized-water-reactor containment buildings$93517082 997 $aUNINA